000 00742nam a2200289Ia 4500
008 171025s9999 xx 000 0 und d
020 _a9780812981605
050 _a158
050 _bD871 2014
100 _aDuhigg, Charles
245 4 _aThe power of habit :
245 _bwhy we do what we do in life and business /
245 _cby Charles Duhigg.
260 _aNew York :
260 _bRandom House Trade Paperbacks,
260 _c2014
300 _a383 pages :
300 _billustrations ;
300 _c20cm.
500 _aIncludes index.
650 _aBusiness.
650 _aChange (Psychology).
650 _aHabit --
650 _aOrranizational behavior.
650 _xSocial aspect.
700 _aTitle.
999 _c344934
_d344934